000 00390 a2200169 4500
001 45931
020 _a9788538003953
040 _cAnchieta - Aquarius
100 _aKuble, Annie
240 1 0 _a*Que horas são, papai lobo?
_lpor
245 1 0 _a*Que horas são, papai lobo?
300 _a
362 0 _a2003
440 1 _aCiranda Cultural
650 4 _aLiteratura infantil
942 _cBK
999 _c45931
_d45931